| 000 | 00512nam a2200181Ia 4500 | ||
|---|---|---|---|
| 003 | IN-BaIIA | ||
| 008 | 211028s9999 xx 000 0 eng d | ||
| 040 | _cIIA Library | ||
| 080 |
_a530.145 _bFOC |
||
| 100 |
_aFock, V. A. _914121 |
||
| 245 | 0 |
_aFundamentals of quantum mechanics _cV. A. Fock |
|
| 260 |
_aMoscow _bMIR Publishers _c1978 |
||
| 300 | _a367p. | ||
| 650 | _aNASA Thesaurus | ||
| 650 | _aQuantum Mechanics | ||
| 650 | _aQuantum Theory | ||
| 942 | _cBK | ||
| 999 |
_c8424 _d8424 |
||